000 00739nam a22002297a 4500
005 20160406145252.0
010 _aENG-115041
020 _a9789339219178
_c575.00
020 _a9339219171
_c575.00
035 _aEN-98573
037 _bDBAD/PUB
082 _a620.1
100 _aDhiman, Anil Kumar
245 _aEngineering mechanics :
_cby Anil Kumar Dhiman, Poonam Dhiman [and] Durgesh Kulshreshtha
_bstatics and dynamics /
260 _aNew Delhi
_bMcGraw Hill Education
_c2015
270 _aP-24, Green Park Extension
_bNew Delhi
_e110016
300 _axxxi,780p. :
_c24cm(pbk)
_bill.
500 _aIncludes index
700 _aDhiman, Poonam
700 _aKulshrestha, Durgesh
942 _2ddc
_cEN
_mDHI
_h620.1
999 _c99386
_d99386